00678 a2200145 4500100001700000245002100017260003300038999001700071952007400088952007400162952007400236952007400310952007400384952007400458 aV. Rajendran aMaterial Science bMcGraw Hill Higher Education c32133d32133 00102ddc40708NFICaCLbCLd2025-12-17r2025-12-17w2025-12-17yBK 00102ddc40708NFICaCLbCLd2025-12-17r2025-12-17w2025-12-17yBK 00102ddc40708NFICaCLbCLd2025-12-17r2025-12-17w2025-12-17yBK 00102ddc40708NFICaCLbCLd2025-12-17r2025-12-17w2025-12-17yBK 00102ddc40708NFICaCLbCLd2025-12-17r2025-12-17w2025-12-17yBK 00102ddc40708NFICaCLbCLd2025-12-17r2025-12-17w2025-12-17yBK